000 00381nam a22001337a 4500
020 _a9789812530103
040 _cNUST
082 _a629.8 TEW
100 _aTewari, Ashish
_959555
245 _aModern Control Design with Matlab and Simulink
260 _aIndia:
_bJohn Willey & Sons,
_c2003.
650 _aModern Control Design with Matlab and Simulink
_9113199
942 _2ddc
_cBK
999 _c594961
_d594961